000 01064nam a22003257a 4500
003 CHAP
005 20220329135442.0
008 971013s1973 r 00010 d
010 _a36716
011 _a37688
035 _a41808
040 _cCHAP
090 _aFolleto 8306
110 _aMéxico. Dirección General de Distritos de Riego
_976971
245 _aGeneralidades del Distrito de Riego No. 13, estado de Jalisco
260 _aGuadalajara, Jal. :
_bLa Dirección,
_c1973
300 _as.p.
_b: ilus
490 _aHoja de divulgación
_v; 2
500 _aHoja desplegable
590 _aBATCH-UPD
_b10
_c20130110
_lUCH01
_h0311
590 _aBATCH-UPD
_b10
_c20130110
_lUCH01
_h2154
590 _aBATCH-UPD
_b10
_c20130410
_lUCH01
_h1502
590 _aBATCH-UPD
_b10
_c20130914
_lUCH01
_h1208
590 _aCONVERSION
_b10
_c20130109
_lUCH01
_h1321
650 1 4 _aDistrito de Riego del Estado de Jalisco.
_932870
830 0 _aHoja de divulgación
_v; 2
_955847
901 _aBK
942 _cFOLL
949 _aFolleto 8306
_bBC
_cFOLL
_d-96189
_eTS1
_i41808
_si
999 _c36716
_d36716